| 000 | 01450cam a2200337 i 4500 | ||
|---|---|---|---|
| 001 | 2225556 | ||
| 003 | OSt | ||
| 005 | 20230627111340.0 | ||
| 008 | 750829s1974 gw a 100 0 eng | ||
| 010 | _a 75512501 | ||
| 015 | _aGFR 75-A | ||
| 020 |
_a3503011498 : _cDM36.00 |
||
| 040 |
_aDLC _cDLC _dDLC |
||
| 041 | 0 | _aengfreger | |
| 050 | 0 | 0 |
_aHC79.E5 _bI59 1974 |
| 082 |
_a333.7 _bIPC |
||
| 111 | 2 |
_aInternational Parliamentary Conference on the Environment, _b3d, _cNairobi, _d1974. |
|
| 245 | 1 | 0 |
_aInternational action, achievements and problems : _bproceedings of the Third International Parliamentary Conference on the Environment = Action internationale, réalisation et problèmes = Internationale Massnahmen, ihre Durchführung und Problematik / _crapporteur and ed. of the original English text, Stella M. McEwin. |
| 260 |
_a[Berlin] : _bSchmidt, _c1974. |
||
| 300 |
_a208, [269] p. : _bill. (col.) ; _c21 cm. |
||
| 490 | 1 | _aBeiträge zur Umweltgestaltung ; Heft A 29 | |
| 500 | _aText in English, French and German. | ||
| 650 | 0 |
_aEnvironmental policy _xCongresses. |
|
| 650 | 0 |
_aEnvironmental protection _xCongresses. |
|
| 700 | 1 | _aMcEwin, Stella M. | |
| 740 | _aAction internationale, réalisation et problèmes. | ||
| 740 | _aInternationale Massnahmen, ihre Durchführung und Problematik. | ||
| 830 | 0 |
_aBeiträge zur Umweltgestaltung : A; _vHeft 29. |
|
| 906 |
_a7 _bcbc _corignew _d3 _encip _f19 _gy-gencatlg |
||
| 942 |
_2ddc _cBK |
||
| 999 |
_c2817 _d2817 |
||